Statystyki dla Języki urzędowe tych krajów (Azja)

Kliknij tutaj aby rozwiązać quiz!

Ogólne statystyki

  • Ten quiz został rozwiązany 49 razy
  • Średni wynik to 35 z 48

Statystyki odpowiedzi

PaństwoJęzyk% Poprawnych
TurcjaTurecki
100%
Arabia saudyjskaArabski
95%
OmanArabski
95%
SyriaArabski
92%
LibanArabski
92%
JordaniaArabski
92%
KuwejtArabski
92%
KatarArabski
92%
BahrajnArabski
92%
ZEAArabski
92%
JemenArabski
92%
IrakArabski
92%
CyprGrecki / Turecki
92%
TajwanChiński
89%
ChinyChiński
89%
GruzjaGruziński
89%
Korea PołudniowaKoreański
89%
Korea PółnocnaKoreański
89%
IzraelHebrajski
84%
JaponiaJapoński
82%
KazachstanKazachski / Rosyjski
82%
MongoliaMongolski
82%
FilipinyFilipiński / Angielski
79%
IndieHindi
79%
IranPerski
76%
AzerbejdzanAzerski
74%
TajlandiaTajski
74%
WietnamWietnamski
74%
NepalNepalski
71%
SingapurChiński / Tamilski / Angielski / Malajski
68%
KirgistanKirgiski
66%
ArmeniaOrmiański
66%
BangladeszBengalski
63%
TadżykistanTadżycki
63%
UzbekistanUzbecki
63%
IndonezjaIndonezyjski
61%
MalezjaMalajski
58%
KambodżaKhmerski
55%
AfganistanPaszto / Perski
55%
TurkmenistanTurkmeński
55%
MjanmaBirmański
53%
LaosLaotański
53%
Timor wschodniTteum / Portugalski
47%
PakistanUrdu / Angielski
47%
BruneiMalajski
45%
MalediwyMalediwski
39%
Sri lankaSyngaleski / Tamilski
37%
Bhutandzongkha / Tybetański
26%

Rozkład punktacji

Percentyl według liczby udzielonych odpowiedzi

Procent ludzi z każdym wynikiem

Twoja historia wyników

Nie rozwiązałeś tego quizu